| Tag |
First Indicator |
Second Indicator |
Subfields |
| LEADER |
00000cam a2200000 4500 |
| 001 |
in00000098446 |
| 005 |
20150926125508.0 |
| 008 |
770517s1967 nyua b 00010 eng |
| 010 |
|
|
|a 67030923
|
| 035 |
|
|
|a (OCoLC)02971692
|
| 035 |
|
|
|9 AAL3386AM
|
| 040 |
|
|
|a DLC
|c YDM
|d TXA
|d UtOrBLW
|
| 049 |
|
|
|a TXAM
|c [482472]
|
| 050 |
0 |
0 |
|a TN490.C4
|b S8 1967b
|
| 082 |
0 |
|
|a 669.7/34
|
| 100 |
1 |
|
|a Sully, Arthur Henry,
|d 1914-
|
| 245 |
1 |
0 |
|a Chromium /
|c by A.H. Sully and E.A. Brandes.
|
| 250 |
|
|
|a 2d ed.
|
| 264 |
|
1 |
|a New York :
|b Plenum Press,
|c 1967.
|
| 300 |
|
|
|a xiii, 373 pages :
|b illustrations ;
|c 23 cm.
|
| 336 |
|
|
|a text
|b txt
|2 rdacontent
|
| 337 |
|
|
|a unmediated
|b n
|2 rdamedia
|
| 338 |
|
|
|a volume
|b nc
|2 rdacarrier
|
| 490 |
1 |
|
|a Metallurgy of the rarer metals,
|v 1
|
| 504 |
|
|
|a Includes bibliographies.
|
| 650 |
|
0 |
|a Chromium.
|
| 700 |
1 |
|
|a Brandes, Eric A.
|q (Eric Adolph)
|
| 830 |
|
0 |
|a Metallurgy of the rarer metals ;
|v 1.
|
| 999 |
|
|
|a MARS
|
| 999 |
f |
f |
|s ba872b54-4b10-37d1-908f-57a421fa76aa
|i 1cab8240-dcf1-3610-a8cc-af6ed8dbcb90
|t 0
|
| 952 |
f |
f |
|p ric
|a Texas A&M University
|b Rellis Campus
|c Joint Library Facility
|d Remote Storage
|t 0
|e TN490.C4 S8 1967b
|h Library of Congress classification
|i unmediated -- volume
|m A14805577156
|
| 998 |
f |
f |
|a TN490.C4 S8 1967b
|t 0
|l Remote Storage
|